Statistics for Barbie

Click here to take the quiz!

General Stats

  • This quiz has been taken 423 times
  • The average score is 7 of 14

Answer Stats

HintAnswer% Correct
the main personbarbie
99%
the main persons boyfriendken
91%
the aboves goth sisterskipper
71%
the little sisterchelsea
66%
the aboves brotherryan
44%
the one thats in the pastmidge
43%
the next door to the robertsraquelle
43%
fashion desigerteresa
42%
the really sporty onesummer
40%
the aboves tech sisterstacey
37%
the smart sassy onenikki
36%
dogtaffy
36%
catblissa
33%
horsetawny
25%

Score Distribution

Percentile by Number Answered

Percent of People with Each Score

Your Score History

You have not taken this quiz